Computer vision and shape recognition

"Composed of selected and expanded papers presented at the Vision Interface '88 Conference in Edmonton, Alberta, Canada, June 6-10, 1988"--Frwd.; This is an up-to-date volume of selected and expanded papers originating from Vision Interface 88, a conference held in Edmonton, Canada. A...

Full description

Saved in:
Bibliographic Details
Main Author: Krzyzak, Adam
Other Authors: Vision Interface '88 Conference
Format: Book
Language:Undetermined
Published: Singapore World Scientific 1989
Subjects:
Online Access:http://lrc.tdmu.edu.vn/opac/search/detail.asp?aID=2&ID=34485
Tags: Add Tag
No Tags, Be the first to tag this record!
Institutions: Trung tâm Học liệu Trường Đại học Thủ Dầu Một
LEADER 01349nam a2200217Ia 4500
001 TDMU_34485
008 210410s9999 xx 000 0 und d
082 |a 530.15 
090 |b KRZ611 
100 |a Krzyzak, Adam 
245 0 |a Computer vision and shape recognition 
245 0 |c editors, Adam Krzyzak, Tony Kasvand, and Ching Y. Suen 
260 |a Singapore 
260 |b World Scientific 
260 |c 1989 
300 |a ix, 451 pages 
520 |a "Composed of selected and expanded papers presented at the Vision Interface '88 Conference in Edmonton, Alberta, Canada, June 6-10, 1988"--Frwd.; This is an up-to-date volume of selected and expanded papers originating from Vision Interface 88, a conference held in Edmonton, Canada. A broad range of topics are covered-from image processing to hardware design. They include robot vision, biomedical imaging, remote sensing and parallel processing, shape recognition and features, computational methods in vision, and three dimensional vision and application 
650 |a Computer vision  |v Congresses; Pattern recognition systems  |v Congresses.; Hệ thống nhận dạng mẫu  |v Hội thảo 
700 |a Vision Interface '88 Conference 
856 |u http://lrc.tdmu.edu.vn/opac/search/detail.asp?aID=2&ID=34485 
980 |a Trung tâm Học liệu Trường Đại học Thủ Dầu Một